Репортаж с петлей на шее : (Record no. 227306)
[ view plain ]
| 000 -LEADER | |
|---|---|
| fixed length control field | 01269nam a2200241 u 4500 |
| 001 - CONTROL NUMBER | |
| control field | 000641276 |
| 003 - CONTROL NUMBER IDENTIFIER | |
| control field | AM-YeHGA |
| 005 - DATE AND TIME OF LATEST TRANSACTION | |
| control field | 20250617140825.0 |
| 008 - FIXED-LENGTH DATA ELEMENTS--GENERAL INFORMATION | |
| fixed length control field | 090312s1987 ||| r 000 0 rus d |
| 040 ## - CATALOGING SOURCE | |
| Original cataloging agency | AM-YeHGA |
| 041 1# - LANGUAGE CODE | |
| Language code of text/sound track or separate title | rus |
| Language code of original | che |
| 090 ## - LOCALLY ASSIGNED LC-TYPE CALL NUMBER (OCLC); LOCAL CALL NUMBER (RLIN) | |
| -- | 228849 |
| 100 1# - MAIN ENTRY--PERSONAL NAME | |
| Personal name | Фучик, Юлиус. |
| 245 10 - TITLE STATEMENT | |
| Title | Репортаж с петлей на шее : |
| Remainder of title | [Для детей среднего и старшего школьного возраста : Пер. с чеш.] / |
| Statement of responsibility, etc. | Юлиус Фучик ; Люди из "Репортажа" / В. Андриянов, З. Грабица. |
| 260 ## - PUBLICATION, DISTRIBUTION, ETC. | |
| Place of publication, distribution, etc. | Якутск : |
| Name of publisher, distributor, etc. | Якутское кн. изд-во, |
| Date of publication, distribution, etc. | 1987. |
| 300 ## - PHYSICAL DESCRIPTION | |
| Extent | 189 с. : |
| Other physical details | [16] л. ил. |
| 500 ## - GENERAL NOTE | |
| General note | Книга задумана и осуществлена в сотрудничестве с издательством "Млада фронта" (Прага) |
| 653 0# - INDEX TERM--UNCONTROLLED | |
| Uncontrolled term | Немецко-фашистская оккупация в период второй мировой войны 1939 - 1945 гг. - Чехословакия |
| 653 0# - INDEX TERM--UNCONTROLLED | |
| Uncontrolled term | Коммунисты чешские (д. л.) |
| 700 1# - ADDED ENTRY--PERSONAL NAME | |
| Personal name | Андриянов, Виктор Иванович. |
| 700 1# - ADDED ENTRY--PERSONAL NAME | |
| Personal name | Грабица, Зденек. |
| 740 02 - ADDED ENTRY--UNCONTROLLED RELATED/ANALYTICAL TITLE | |
| Uncontrolled related/analytical title | Люди из "Репортажа". |
| Withdrawn status | Lost status | Damaged status | Not for loan | Collection | Home library | Current library | Date acquired | Total checkouts | Full call number | Barcode | Date last seen | Price effective from | Koha item type | Public note |
|---|---|---|---|---|---|---|---|---|---|---|---|---|---|---|
| General | Fundamental Scientific Library | Fundamental Scientific Library | 29/12/2016 | PII/574262 | FL0100652 | 29/12/2016 | 29/12/2016 | Գրքեր / Books | 30 Days Loan |
ՀՀ Գիտությունների ազգային ակադեմիայի հիմնարար գիտական գրադարան = Fundamental Scientific Library of NAS RA
All site content, except where otherwise noted, is licensed under a